Представление документа в формате MARC21

Поле Инд. ПП Название Значение
Тип записи a
Библиографический уровень b
001 Контрольный номер RU/IS/BASE/128524900
005 Дата корректировки 20200630193233.0
084 a Индекс другой классификации/Индекс ББК 79.14(2Рос)786
a Индекс другой классификации/Индекс ББК 79.13
a Индекс другой классификации/Индекс ББК 63.3(2)511-7
a Индекс другой классификации/Индекс ББК 71.044.3
100 1_ a Автор Шипилов А. В.
245 a Заглавие Кунсткамера Петра I: российский музей как форма и инструмент социокультурных изменений
504 a Библиография Библиогр.: с. 170
600 a Персоналии Петр I Великий
650 a Основная рубрика культурология
653 a Ключевые слова XVIII век
a Ключевые слова взаимодействие культур
a Ключевые слова история
a Ключевые слова история культуры
a Ключевые слова культура
a Ключевые слова Кунсткамера
a Ключевые слова музеи
a Ключевые слова Россия
a Ключевые слова социокультурные изменения
773 t Заглавие источника Общественные науки и современность
d Дата издания источника 2003
g Прочая информация № 5. - С. 160 - 170
w Контрольный № источника RU/IS/BASE/118154823
901 t Тип документа b